000 00725nam a22002537a 4500
001 BR7200433
003 BR-BrBNA
005 20240815103053.0
008 230509b bl.||||| |||| 00| 0 por d
040 _aBR-BrBNA
_bpor
041 _a(Por)
072 _aC00; A50
_b/G514
090 _aC00
_bBR7200433
110 1 _aAssociação Brasileira de Educação Agrícola Superior, Rio de Janeiro
_9278
245 1 _aDemanda de pós-graduados em ciências agrarias /
260 3 _aRio de Janeiro, GB (Brasil):
_c1972.
300 _a10 p.
650 _aEducacao agricola
650 _aPesquisa
650 _aEnsino superior
909 _a08/2024
_bSARAH
942 _cBK
999 _c15219
_d15219